书目信息 |
| 书名: | Through the eyes of a child | |
| 作者: | Donna E. Norton with Saundra E. Norton. | |
| 分册号: | ||
| 分册名: | 出版地: | Englewood Cliffs, N.J. : |
|
| 出版社: | Merrill | |
| 出版时间: | c1995. | |
| 页数: | xx, 713, R-12, A-15, I-55 p. : | |
| 开本: | 27 cm. | |
| 丛书名: | ||
| 中图分类号: | ||
| 科图分类号: | ||
| 其他分类号: | I712 | |
| 主题词: | ||
| 电子资源: | ||
| 000 | 01276cam a2200325 a 450 | |
| 001 | E0736728671 | |
| 005 | 20070518101356.84 | |
| 008 | 940202s1995 nyua b 001 0 eng | |
| 010 | @a94004485 | |
| 020 | @a0023883138. | |
| 035 | @A(DLC) 94004485 | |
| 040 | @aDLC@beng@cDLC@dDLC | |
| 043 | @an-us--- | |
| 050 | 00 | @aZ1037.A1@bN68 1995@aPN1009.A1 |
| 082 | 00 | @a028.1/62@2 21 |
| 090 | @aI712 | |
| 099 | @dI712@ex294=4 | |
| 100 | 1 | @aNorton, Donna E. |
| 245 | 10 | @aThrough the eyes of a child :@ban introduction to children’s literature / @cDonna E. Norton with Saundra E. Norton. |
| 250 | @a4th ed. | |
| 260 | @aEnglewood Cliffs, N.J. :@bMerrill,@cc1995. | |
| 300 | @axx, 713, R-12, A-15, I-55 p. :@bcol. ill. ;@c27 cm. | |
| 504 | @aIncludes bibliographical references (p. R1-R12) and index. | |
| 650 | 0 | @aChildren@xBooks and reading@zUnited States. |
| 650 | 0 | @aChildren’s literature@xHistory and criticism. |
| 700 | @aNorton, Donna E. | |
| 906 | @a7@bcbc@corignew@d1@eocip@f19@gy-gencatlg | |
| 955 | @apc17 to sa00 02-02-94; lj10 02-02-94 to subj 02-03-94; lj07 02-03-94; lj05 02-08-94; aa00 02-08-94; CIP ver. lg08 12-15-94 | |
| 991 | @bc-MRC@hZ1037.A1@iN68 1995@p00014461619@tCopy 2@wCCF | |
| 991 | @bc-MRC@hZ1037.A1@iN68 1995@tCopy 1@wBOOKS | |
| Through the eyes of a child : : an introduction to children’s literature / / Donna E. Norton with Saundra E. Norton.-4th ed.-Englewood Cliffs, N.J. : : Merrill, , c1995. |
| xx, 713, R-12, A-15, I-55 p. : : col. ill. ; ; 27 cm. |
| Includes bibliographical references (p. R1-R12) and index. |
| ISBN 0023883138. |
| ● |
| 相关链接 |
|
|
|
|
正题名:Through the eyes of a child
索取号:I712/x294=4
 
预约/预借
| 序号 | 登录号 | 条形码 | 馆藏地/架位号 | 状态 | 备注 |
| 1 | 10075 | 300100753 | 第二样本阅览室/ [索取号:I712/x294=4] | 在馆 |